[Event "41st Nezhmetdinov Rapid 2019"]
[Site "Kazan"]
[Date "2019.05.29"]
[Round "2.1"]
[White "Bublei, Pavel"]
[Black "Kokarev, Dmitry"]
[Result "0-1"]
[WhiteElo "2370"]
[BlackElo "2689"]
[Annotator "TA"]
[PlyCount "56"]
[EventDate "2019.05.29"]
[EventType "swiss"]
[EventCountry "RUS"]
[SourceTitle "playchess.com"]
[Source "ChessBase"]
[SourceQuality "1"]

{[%evp 11,56,-8,21,0,1,4,19,9,9,0,71,67,102,39,37,37,31,-22,-14,-6,0,-25,-30,-45,-34,-38,-30,-35,-40,-28,-38,-39,-31,-67,-56,-130,-138,-170,-202,-306,-298,-285,-286,-347,-339,-396,-387]} 1. d4 Nf6 2. Nf3 g6 3. g3 Bg7 4. Bg2 d5 5. O-O O-O 6. Nbd2 a5 7. a4 {D02: 1 d4 d5 2 Nf3 sidelines, including 2...Nf6 3 g3 and 2...Nf6 3 Bf4} Nc6 8. c3 (8. Nb3 Re8 9. Bf4 Nh5 10. Be3 Bg4 11. c3 Bxf3 12. exf3 Nf6 13. f4 e6 14. Nc5 b6 {½-½ (106) Riazantsev,A (2650)-Matlakov,M (2735) St Petersburg 2017}) 8... Bf5 9. Qb3 $146 {The position is equal.} ({Predecessor:} 9. h3 h5 10. Kh2 Qd7 11. Nh4 Be6 12. f4 Bf5 13. Nxf5 Qxf5 14. e4 dxe4 15. Qe2 Qd7 16. Nxe4 Nxe4 17. Bxe4 e6 18. Qf3 Rab8 19. Rd1 f5 20. Bc2 Ne7 21. Bb3 Nd5 22. Bd2 {1-0 (22) Sosnin,N (2210)-Miroshnichenko,E (2270) Moscow 1995}) 9... Rb8 10. Ne5 e6 (10... Nxe5 $11 {keeps the balance.} 11. dxe5 Nd7) 11. f3 $16 g5 12. g4 ({White should play} 12. e4 $16 Bg6 13. Nxg6 hxg6 14. e5) 12... Bg6 $1 $14 13. Nxg6 hxg6 14. e4 (14. Qb5 $14) 14... e5 $11 15. exd5 Qxd5 16. dxe5 Qc5+ ({Reject} 16... Qxe5 $6 17. Nc4 $16) 17. Kh1 Nxe5 {[%cal Bc6e5,Be5d3,Bd3b2,Bb2c4,Bc4e3][%mdl 32]} 18. Qb5 b6 19. Nb3 Qxb5 20. axb5 Nd3 21. Bxg5 Nxb2 22. Ra2 Nc4 23. Rd1 (23. Nd2 $15 Nd6 24. c4) 23... Rfe8 $17 24. Bf4 Ne3 25. Rc1 (25. Bxe3 {was worth a try.} Rxe3 26. Rc2) 25... Nfd5 $19 {[%mdl 64] [#] Discovered Attack} 26. Bxe3 Rxe3 27. Nd2 Nxc3 ({Resist} 27... Rxc3 28. Re1) 28. Ra3 Re2 {Accuracy: White = 33%, Black = 58%.} 0-1

[Event "41st Nezhmetdinov Rapid 2019"]
[Site "Kazan"]
[Date "2019.05.29"]
[Round "2.2"]
[White "Morozevich, Alexander"]
[Black "Tunik, Gennady"]
[Result "1-0"]
[WhiteElo "2667"]
[BlackElo "2373"]
[Annotator "TA"]
[PlyCount "43"]
[EventDate "2019.05.29"]
[EventType "swiss"]
[EventCountry "RUS"]
[SourceTitle "playchess.com"]
[Source "ChessBase"]
[SourceQuality "1"]

{[%evp 13,43,0,9,0,37,0,15,0,173,119,122,100,375,377,379,412,411,431,651,634,591,362,650,656,766,754,1689,1568,29986,29987,29991,29992]} 1. e4 c5 2. Nf3 e6 3. d4 cxd4 4. Nxd4 Nc6 5. Nc3 a6 6. Nxc6 bxc6 7. e5 Qc7 8. Bf4 {B46: Sicilian: Taimanov: 5 Nc3 a6} f5 9. g4 {aiming for gxf5.} Ne7 10. gxf5 {The position is equal.} exf5 $146 (10... Nxf5 $11 {and Black stays safe.} 11. Ne4 Be7) ({Predecessor:} 10... Nxf5 11. Bd3 Rb8 12. Rg1 g6 13. Bxf5 exf5 14. b3 Bb4 15. Qd2 Qa5 {1-0 (45) Nepomniachtchi,I (2729)-Movsesian,S (2647) Riadh 2017}) 11. Qh5+ (11. Bc4 $18) 11... g6 $16 12. Qh4 {Threatens to win with e6!} Bg7 $2 {[%mdl 8192] [#]} (12... Nd5 $16) 13. O-O-O $1 $18 Bxe5 14. Bxe5 Qxe5 {[#]} 15. Bc4 $1 Rf8 ({Much weaker is} 15... d5 16. Rhe1) (15... g5 $142 16. Qxg5 h6 17. Qh5+ Kd8) 16. Rhe1 Qg7 17. f4 {Rxe7+! is the strong threat.} ({Weaker is} 17. Rd6 g5 $18) 17... Qf6 $2 (17... Rf6 18. Rd2 a5) 18. Qf2 ({Less strong is} 18. Qxh7 Rb8 $18) 18... Rb8 19. Qc5 d5 {[#]} 20. Rxd5 $1 {[%mdl 512]} cxd5 21. Nxd5 Qxb2+ 22. Kd2 {Accuracy: White = 56%, Black =  4%.} 1-0

[Event "41st Nezhmetdinov Rapid 2019"]
[Site "Kazan"]
[Date "2019.05.29"]
[Round "2.3"]
[White "Chekletsov, Ilya"]
[Black "Chigaev, Maksim"]
[Result "0-1"]
[WhiteElo "2387"]
[BlackElo "2666"]
[Annotator "TA"]
[PlyCount "102"]
[EventDate "2019.05.29"]
[EventType "swiss"]
[EventCountry "RUS"]
[SourceTitle "playchess.com"]
[Source "ChessBase"]
[SourceQuality "1"]

{[%evp 19,102,12,33,-6,0,-16,5,-96,-87,-87,-97,-86,-87,-97,-98,-129,-146,-136,-95,-100,-94,-120,-29,-12,0,0,0,0,0,-46,-41,-52,-51,-80,-10,-11,-8,-20,-12,-16,0,0,0,-7,-7,-11,-7,-30,-41,-32,-14,-33,-38,-50,-57,-100,-98,-104,-79,-71,-71,-70,-79,-75,-88,-53,-4,-4,8,-190,-173,-393,-383,-908,-844,-816,-584,-29981,-29982,-29982,-29983,-29983,-29984,-29984,-29985]} 1. d4 Nf6 2. c4 g6 3. Nc3 Bg7 4. e4 d6 5. Be2 O-O 6. Nf3 Na6 7. O-O e5 8. d5 Nc5 9. Qc2 a5 10. Be3 Ng4 11. Bg5 {E94: King's Indian: Classical: 6 Be2 e5 7 0-0: Various Black 7th moves} (11. Bxc5 $5 dxc5 12. Rad1 $11 (12. h3 Nf6 $11)) (11. Bxc5 dxc5 12. h3 Nh6 13. Qd2 f6 14. Qe3 b6 15. Bd1 Nf7 16. Ba4 f5 17. Bc6 f4 18. Qe2 Rb8 19. Nb5 Nd6 20. Nxd6 cxd6 {1-0 (49) Solovchuk,A (2364)-Alexikov,A (2303) Lutsk 2018}) 11... f6 12. Bh4 Nh6 13. b3 $146 (13. Nd2 $11 {remains equal.}) ({Predecessor:} 13. Nd2 Nf7 14. f3 Bh6 15. Bf2 Bd7 16. b3 f5 17. Rab1 b6 18. a3 Bxd2 19. Qxd2 {½-½ (51) Johnson,P (1873)-Vickery,J (1993) Wakefield 2016}) 13... g5 $1 $17 {[%cal Rg5h4]} 14. Bg3 f5 15. exf5 e4 ({But not} 15... Rxf5 $6 16. h4 $11) 16. f6 Bxf6 17. Nxe4 Nxe4 18. Qxe4 Bxa1 19. Rxa1 Qf6 20. Re1 Bf5 ({Black should try} 20... Bg4 $17 {aiming for ...Rae8.} 21. Qd4 Rae8 22. Qxf6 Rxf6) 21. Qe3 $11 Rae8 22. Qxg5+ Qxg5 23. Nxg5 Nf7 24. Bf4 Nxg5 25. Bxg5 Bb1 26. a3 Ba2 (26... Bd3 $1 $17 27. Be3 Bxe2 28. Rxe2 a4) 27. Be3 Bxb3 28. Rb1 a4 29. Bd3 b6 30. h3 Re7 31. Bg5 Re5 32. Be3 Rfe8 33. Re1 h5 34. g4 h4 35. Kg2 Kf7 36. Kf3 {[#]} b5 $1 {[%mdl 512]} 37. Rc1 (37. cxb5 Bxd5+) 37... bxc4 38. Bxc4 R8e7 39. Rc3 Bxc4 40. Rxc4 Rxd5 41. Rxa4 $17 {[%mdl 4096] Endgame KRR-KRB} c5 42. g5 Kg6 43. Rxh4 Rf5+ 44. Bf4 $2 {[#]} (44. Kg3 $11) 44... Ref7 $1 $19 {[%mdl 1024] Black has strong compensation.} 45. Kg3 $2 {[#]} (45. Ke3 {was the only chance.}) 45... d5 $1 46. Rg4 $2 (46. a4 d4 47. a5) 46... d4 47. h4 d3 {Threatens to win with ...Rxf4!} 48. Be3 Rf3+ {Black mates.} 49. Kh2 {[#]} Rxe3 $1 {[%mdl 512]} 50. fxe3 d2 51. Rg1 Rd7 {Accuracy: White = 32%, Black = 66%.} 0-1

[Event "41st Nezhmetdinov Rapid 2019"]
[Site "Kazan"]
[Date "2019.05.29"]
[Round "2.4"]
[White "Timofeev, Artyom"]
[Black "Maltsevskaya, Aleksandra"]
[Result "1-0"]
[WhiteElo "2664"]
[BlackElo "2299"]
[Annotator "TA"]
[PlyCount "69"]
[EventDate "2019.05.29"]
[EventType "swiss"]
[EventCountry "RUS"]
[SourceTitle "playchess.com"]
[Source "ChessBase"]
[SourceQuality "1"]

{[%evp 19,69,-8,46,55,64,51,56,53,37,26,37,21,68,60,82,72,79,58,71,71,139,145,118,71,90,83,125,117,120,122,151,145,229,169,404,391,382,392,487,506,480,493,1085,1078,1061,1052,1052,1048,1015,1008,906,891]} 1. c4 Nf6 2. Nc3 g6 3. g3 Bg7 4. Bg2 O-O 5. e3 e5 6. Nge2 c6 7. d4 d6 8. O-O Nbd7 9. b3 Re8 10. Ba3 Bf8 (10... exd4 $11 11. Nxd4 (11. exd4 Nb6 $11) 11... Nc5) 11. Qc2 {E61: King's Indian: Early deviations for White, including Smyslov System} a5 (11... e4 12. Rac1 Qa5 13. Bb2 d5 14. cxd5 cxd5 15. a3 Nb6 16. Nf4 g5 17. Nh3 Bxh3 18. Bxh3 g4 {½-½ (56) Echarte Buil,O (2111)-Aparicio Navarro,P (2135) Aragon 2017}) 12. Rad1 Qc7 $146 ({Predecessor:} 12... exd4 13. exd4 Nb6 14. Qd2 a4 15. Bb2 axb3 16. axb3 d5 17. c5 Nbd7 18. b4 {½-½ (42) Kaikamdzozov,J-Kolarov,A Sofia 1957}) 13. Rd2 {White is slightly better.} exd4 14. Nxd4 Nc5 15. h3 a4 {White should prevent ...axb3.} 16. b4 Ne6 17. Nf3 Ng7 18. Bb2 a3 {[#]} 19. Ba1 $1 Nd7 ({Black should try} 19... Be6) 20. Ne4 f5 21. Nc3 Ne5 22. Ne2 Qf7 23. Rc1 Nxf3+ 24. Bxf3 Ne6 25. h4 Ra6 (25... h5 $16 26. Rb1 Kh7) 26. Bg2 $40 {[%mdl 128] White wants a kill.} d5 $2 (26... Bd7 {was worth a try.} 27. Rcd1 Raa8) 27. cxd5 $18 cxd5 28. Bxd5 Bxb4 29. Rdd1 {White is clearly winning.} Bf8 30. Nf4 ({Not} 30. Qc3 Bg7 $18) 30... Bg7 (30... Rc6 $142 31. Qb3 h6 32. Rxc6 bxc6 33. Bxc6 Nxf4) 31. Qxc8 Rxc8 32. Rxc8+ Bf8 33. Nxe6 Rxe6 34. Bxe6 Qxe6 {[#]} 35. Rdd8 $1 {Accuracy: White = 73%, Black = 37%.} 1-0

[Event "41st Nezhmetdinov Rapid 2019"]
[Site "Kazan"]
[Date "2019.05.29"]
[Round "2.5"]
[White "Tokarev, Ilya"]
[Black "Sakaev, Konstantin"]
[Result "1/2-1/2"]
[WhiteElo "2318"]
[BlackElo "2641"]
[Annotator "TA"]
[PlyCount "73"]
[EventDate "2019.05.29"]
[EventType "swiss"]
[EventCountry "RUS"]
[SourceTitle "playchess.com"]
[Source "ChessBase"]
[SourceQuality "1"]

{[%evp 10,73,0,0,0,0,0,0,0,0,22,15,43,0,0,0,16,0,0,0,0,0,18,18,39,41,49,-37,-45,-40,-39,-42,-31,-41,-32,-85,0,0,90,87,15,0,113,114,112,108,116,112,587,137,119,0,270,265,408,265,258,0,0,0,291,0,473,-959,29993,0]} 1. d4 Nf6 2. c4 e6 3. Nc3 Bb4 4. Qc2 O-O 5. e4 d6 6. a3 Bxc3+ $1 {E32: Nimzo-Indian: Classical (4 Qc2): 4...0-0} 7. bxc3 e5 8. Bd3 Nc6 $146 {The position is equal.} ({Predecessor:} 8... b6 9. Ne2 Ba6 10. O-O Nfd7 11. f4 {1-0 (24) Eljanov,P (2742)-Carlsen,M (2802) Moscow 2010}) 9. Ne2 Nd7 10. O-O b6 11. f4 Ba6 12. Rf3 Na5 13. fxe5 dxe5 14. Ng3 $1 Bxc4 15. Nf5 Bxd3 16. Qxd3 {Rg3! is the strong threat.} f6 17. Rg3 $1 {[%cal Rg3g7][%mdl 1024] White has compensation.} g6 18. Bh6 (18. Qe3 $14 Kf7 19. Qe2 gxf5 20. exf5) 18... Rf7 $15 19. Bd2 {With the idea Nh6+.} Kh8 20. Nh6 Rg7 21. Rf1 Qe7 22. Ng4 ({White should play} 22. Rgf3 $1 $15) 22... Re8 ({Better is} 22... h5 $17 23. Ne3 c6) 23. Rgf3 $11 {[%cal Rg4f6]} Rf7 ({Don't play} 23... Qxa3 $6 24. dxe5 Qc5+ 25. Be3 $18) (23... f5 $11 24. Nxe5 Nxe5 25. dxe5 Rd8) 24. Bg5 $1 $36 {[%cal Rg4f6][%mdl 2048] White has strong initiative.} Ref8 25. Bh6 Rd8 (25... Re8 $11) 26. dxe5 $1 Nxe5 {[%mdl 64] [#] Double Attack} 27. Qxd8+ $1 {[%mdl 512]} Qxd8 28. Nxe5 {[%mdl 64] Pin} Rf8 $2 {[%mdl 8192]} ({And not} 28... Re7 29. Rxf6 Re8 30. Nf7+ Kg8 31. Nxd8 Rxd8 32. Rf8+ Rxf8 33. Rxf8#) (28... Kg8 $16) 29. Bxf8 $2 (29. Rd3 $18 {and the rest is easy.} Qxd3 30. Nxd3) 29... Qxf8 30. Kh1 (30. Nd7 $16 Qe7 31. Nxf6) 30... Qxa3 $2 {[%mdl 8192]} (30... Qe7 $11 {and Black has nothing to worry.} 31. Rxf6 Qxe5 {[%mdl 64] Double Attack} 32. Rf8+ Kg7 33. R8f7+ Kh8 34. Rf8+ Kg7 35. R8f7+ Kg8 36. Rf8+ Kg7) 31. Rxf6 $18 Qxc3 (31... Kg8 {was called for.} 32. Nd7 Qb3) 32. Rf8+ Kg7 {[#]} 33. Ng4 $2 ({Only move:} 33. R8f7+ $1 $18 Kg8 34. Rf8+ Kg7 35. R8f7+ Kg8 36. Rf8+ Kg7) 33... Qc4 $11 {And now ...Qe6 would win.} 34. Ne5 Qe6 $2 {[%mdl 8192] [#]} (34... Qxe4 $11 35. R8f7+ {[%mdl 64] Double Attack} Kg8 36. Rf8+ Kg7 37. R8f7+ {[%mdl 64] Double Attack} Kg8 38. Rf8+ Kg7) 35. R8f7+ $2 (35. R1f7+ $1 $18 Kh6 36. Nf3 Qxe4 37. g4) 35... Kh6 $2 {[%mdl 8192]} (35... Kg8 $1 $11 36. Rf8+ Kg7 37. R1f7+ Kh6) 36. R7f6 $4 {[%mdl 8192]} (36. Nd7 $18) 36... Kg7 $4 {[%mdl 8192]} (36... Qxe5 $19 37. Rf7 Nc4) 37. Rf7+ $2 {Accuracy: White = 48%, Black = 30%.} (37. Rxe6 {mates} Kh6 38. Rf5 Nc6 39. Rxc6 a5 40. Ng4+ Kg7 41. Rxc7+ Kg8 42. Nh6+ Kh8 43. Rf8#) 1/2-1/2

[Event "41st Nezhmetdinov Rapid 2019"]
[Site "Kazan"]
[Date "2019.05.29"]
[Round "2.6"]
[White "Sarana, Alexey"]
[Black "Lodoev, Ayur"]
[Result "1-0"]
[WhiteElo "2641"]
[BlackElo "2229"]
[Annotator "TA"]
[PlyCount "61"]
[EventDate "2019.05.29"]
[EventType "swiss"]
[EventCountry "RUS"]
[SourceTitle "playchess.com"]
[Source "ChessBase"]
[SourceQuality "1"]

{[%evp 24,61,4,30,27,37,45,54,42,23,52,45,47,37,39,30,45,36,35,31,100,93,107,90,102,114,195,208,172,150,225,215,236,233,218,229,281,241,957,959]} 1. d4 Nf6 2. c4 e6 3. Nf3 d5 4. Nc3 Be7 5. g3 O-O 6. Bg2 c6 7. O-O b6 8. Ne5 Bb7 9. e4 dxc4 10. Nxc4 Ba6 11. b3 b5 12. Ne5 b4 13. Ne2 Bxe2 {E06: Closed Catalan: Early deviations} 14. Qxe2 {Strongly threatening Be3.} Qxd4 15. Bb2 Qb6 {White is slightly better.} 16. Rac1 {[%mdl 1024] White has compensation.} (16. Nc4 Qb5 17. Bxf6 Bxf6 18. e5 Be7 {½-½ (18) Brodsky,M (2554)-Tiviakov,S (2678) Port Erin 2005}) 16... Nfd7 17. Nc4 Qb5 18. Rfd1 Nb6 $146 ({Predecessor:} 18... a5 19. e5 Nb6 20. Qe3 Nxc4 21. Rxc4 {0-1 (48) Biermann,L (1711)-Bausch,T (2038) Herne 2016}) 19. Qg4 $40 {[%csl Gb2][%cal Rg4g7][%mdl 128] [#] White is up to no good.} Qg5 20. Qxg5 Bxg5 21. f4 Be7 {[#]} (21... Nxc4 $14 22. Rxc4 Be7) 22. Na5 $1 $16 Rc8 23. f5 Bg5 24. Rc2 Na6 (24... N6d7 $16 25. fxe6 fxe6) 25. fxe6 $18 ({Resist} 25. Rxc6 $6 Rd8 $16) 25... fxe6 26. Nxc6 Rc7 (26... Be3+ $16 27. Kf1 Bc5) 27. Bh3 {Threatens to win with Be5.} Re8 28. Nxb4 Rxc2 29. Nxc2 e5 30. Ba3 Be3+ $2 (30... Nc7 31. Bb4 Kf7 32. Rf1+ Bf6) 31. Nxe3 {Accuracy: White = 74%, Black = 37%.} 1-0

[Event "41st Nezhmetdinov Rapid 2019"]
[Site "Kazan"]
[Date "2019.05.29"]
[Round "2.7"]
[White "Polonskii, Artem"]
[Black "Yudin, Sergei"]
[Result "0-1"]
[WhiteElo "2112"]
[BlackElo "2636"]
[Annotator "TA"]
[PlyCount "64"]
[EventDate "2019.05.29"]
[EventType "swiss"]
[EventCountry "RUS"]
[SourceTitle "playchess.com"]
[Source "ChessBase"]
[SourceQuality "1"]

{[%evp 17,64,46,42,37,43,32,56,60,52,0,0,0,0,0,0,-11,0,-31,-35,-262,-264,-262,-233,-333,-264,-572,-562,-587,-592,-576,-579,-576,-574,-562,-548,-705,-545,-532,-534,-965,-977,-961,-827,-1001,-992,-1158,-1250,-1687,-1715]} 1. e4 d6 2. d4 Nf6 3. Nc3 e5 4. Nf3 Nbd7 5. Bc4 Be7 6. O-O O-O 7. Re1 c6 8. a4 h6 9. h3 Re8 10. Be3 {C41: Philidor Defence} exd4 11. Qxd4 Nf8 12. Rad1 {Black must now prevent e5.White is slightly better.} Be6 13. e5 $146 ({White should try} 13. Bf4 $14) ({Predecessor:} 13. Bxe6 Nxe6 14. Qc4 Qa5 15. Nd4 Bf8 16. Nf5 Qe5 17. f4 Nxf4 {½-½ (56) Kanmazalp,O (2458)-Ivanisevic,I (2575) Izmir 2018}) 13... dxe5 $11 14. Qxd8 Bxd8 15. Nxe5 Ba5 16. Bxe6 Nxe6 17. Rd3 Nd5 18. Bd2 $2 {[#]} (18. Kf1 $15) 18... Nb4 $1 $19 {[%csl LRc2,LRd3]} 19. Rg3 Nxc2 20. Re4 (20. Rc1 {was worth a try.} Ncd4 21. Re3) 20... f5 21. Rh4 $2 (21. Rc4 {was the crucial defense.}) 21... Bc7 {Black is clearly winning.} 22. f4 Rad8 23. Bc1 Kh7 24. Rh5 Bxe5 25. fxe5 f4 26. Rg4 g6 27. Rhh4 g5 28. Rh5 Kg6 29. Rhh4 Ncd4 30. Kf2 Nf5 31. g3 fxg3+ 32. Ke2 Nxh4 {Accuracy: White = 33%, Black = 73%.} 0-1

[Event "41st Nezhmetdinov Rapid 2019"]
[Site "Kazan"]
[Date "2019.05.29"]
[Round "2.8"]
[White "Khanin, Semen"]
[Black "Poniaev, Ruslan"]
[Result "1-0"]
[WhiteElo "2619"]
[BlackElo "2358"]
[Annotator "TA"]
[PlyCount "65"]
[EventDate "2019.05.29"]
[EventType "swiss"]
[EventCountry "RUS"]
[SourceTitle "playchess.com"]
[Source "ChessBase"]
[SourceQuality "1"]

{[%evp 23,64,29,34,16,43,-50,-5,-58,0,0,0,-4,-14,-71,-65,-77,-77,-177,-171,-154,-154,-170,-138,-142,-75,-80,-69,-52,-48,-73,-68,43,-54,-65,-33,-74,244,118,697,514,29987,29988,29993]} 1. e4 c5 2. Nf3 Nc6 3. d4 cxd4 4. Nxd4 Nf6 5. Nc3 d6 6. Bg5 e6 7. Qd2 a6 8. O-O-O Bd7 9. f3 Be7 10. g4 O-O 11. h4 b5 12. Nxc6 Bxc6 13. Bd3 {B67: Sicilian: Richter-Rauzer: 7...a6 8 0-0-0 Bd7, lines without 9 f4 Be7} Rc8 {[#]} 14. Be3 $146 (14. Kb1 $14) ({Predecessor:} 14. Ne2 Bb7 15. Ng3 Nd7 16. Bxe7 Qxe7 17. f4 Nc5 18. g5 Na4 19. Rhe1 {0-1 (49) Arizmendi Martinez,J (2516)-Alekseev,E (2607) Istanbul 2003}) 14... Nd7 (14... b4 $5 {[%cal Rb4c3]} 15. Ne2 d5 $15) 15. g5 (15. a3 $11) 15... b4 ({Black should try} 15... Ne5 $15 16. f4 Nxd3+ 17. Qxd3 b4) 16. Ne2 $11 d5 17. Nd4 $1 ({Not} 17. Bxa6 $2 Ra8 $19) 17... Bb7 18. g6 (18. Qh2 $11 {remains equal.}) 18... hxg6 $17 19. h5 $1 {[%cal Rh5g6] And now hxg6 would win.} g5 $1 20. h6 (20. Kb1 $17 {is a better defense.}) 20... g6 $1 $19 21. h7+ Kh8 22. Nb3 Ne5 23. Bd4 Bf6 ({Black should play} 23... f6 24. Bxe5 fxe5) 24. Qxb4 $17 Qc7 25. Kb1 Bg7 26. Nc5 Nxd3 27. Bxg7+ $1 ({Don't go for} 27. Rxd3 $2 Bxd4 28. Rxd4 Qxc5 $19) 27... Kxg7 28. Nxd3 {With the idea Qd4+.} dxe4 29. fxe4 Qxc2+ $2 (29... Rfd8 $17 {stays on course.} 30. a3 a5 31. h8=B+ Rxh8 32. Qd4+ e5 33. Nxe5 Qxc2+ {[%mdl 64] Double Attack} 34. Ka2 Rxh1 35. Nd7+ {[#]} Kg8 $1 {[%mdl 512]} 36. Nf6+ Kf8 37. Nd7+ Kg8 $1 {[%mdl 512]} 38. Nf6+ Kf8 39. Nd7+ Kg8 $1 {[%mdl 512]}) 30. Ka1 $16 Rcd8 $2 {[%mdl 8192]} (30... Qc6 $16) 31. Qxb7 {White threatens Rdf1 and mate.} Rxd3 (31... Kh8 $18 32. Qe7 f6) 32. Rdf1 Kh8 {Accuracy: White = 50%, Black = 31%.} 33. Qe7 1-0

[Event "41st Nezhmetdinov Rapid 2019"]
[Site "Kazan"]
[Date "2019.05.29"]
[Round "2.9"]
[White "Murtazin, Ruslan"]
[Black "Rozum, Ivan"]
[Result "1-0"]
[WhiteElo "2283"]
[BlackElo "2598"]
[Annotator "TA"]
[PlyCount "61"]
[EventDate "2019.05.29"]
[EventType "swiss"]
[EventCountry "RUS"]
[SourceTitle "playchess.com"]
[Source "ChessBase"]
[SourceQuality "1"]

{[%evp 11,60,0,1,10,40,32,35,21,14,16,0,0,70,53,64,61,60,69,62,64,104,96,125,97,79,99,73,89,72,29,31,-21,0,-137,0,-247,-158,-163,-180,-333,-358,-438,-429,-466,-326,-372,-35,-20,29997,29998,29999]} 1. e4 c6 2. d4 d5 3. e5 Bf5 4. h4 h5 5. c4 e6 6. Nc3 Ne7 7. Nge2 {B12: Caro-Kann: Advance Variation} Bg4 8. f3 Bf5 9. Ng3 {White is slightly better.} Bg6 10. Bg5 Qb6 $1 11. Qd2 dxc4 $146 ({Black should try} 11... Nd7 $11) ({Predecessor:} 11... Nd7 12. a3 f6 13. Be3 Qb3 14. cxd5 Nxd5 15. Nxd5 Qxd5 {0-1 (44) Nepomniachtchi,I (2733)-Nakamura,H (2751) Wijk aan Zee 2011}) 12. Bxc4 $14 Nd7 13. Nge4 $36 {[%mdl 2048] White is pushing.} Nd5 14. a3 a6 15. Rc1 Qa7 16. Ba2 Nc7 17. Nd6+ Bxd6 18. exd6 Nb5 19. Nxb5 axb5 20. Be7 Qa5 21. d5 (21. Rc3 $1 $14) 21... exd5 22. b4 (22. Rc3 $1 $11 {remains equal.}) 22... Qxa3 ({Better is} 22... Qa7 $1 $17 {Strongly threatening ...Ne5.} 23. Qe2 Bf5) 23. Bxd5 $2 (23. O-O $1 $11 {and White stays safe.}) 23... cxd5 24. O-O Qd3 $1 {[%cal Rd3d2]} 25. Qf4 $2 (25. Qe1 Qd4+ 26. Kh1) 25... f6 $19 26. Rfe1 {[#]} Kf7 $1 (26... Ne5 27. Rxe5 fxe5 {[#]} 28. d7+ $1 {[%mdl 512]} Kxd7 29. Qxe5 $18) 27. Rc7 Qf5 28. Qd4 {Rxd7! is the strong threat.} Rhc8 $2 {[#]} (28... Kg8 $19 {White must now prevent ...Ra2.} 29. Rd1 Bf7 30. Rxb7 Be6 31. Rxb5 Ne5) 29. Rxd7 $1 $15 {[%mdl 576] Deflection} Qxd7 $4 {[%mdl 8192]} (29... Rc4 $11 30. Qd1 d4 31. Bxf6+ Kxf6) 30. Qxd5+ Ke8 31. Qg8# {Accuracy: White = 36%, Black = 37%.} 1-0

[Event "41st Nezhmetdinov Rapid 2019"]
[Site "Kazan"]
[Date "2019.05.29"]
[Round "2.10"]
[White "Vallejo Pons, Francisco"]
[Black "Sysolyatin, Evgeny"]
[Result "1-0"]
[WhiteElo "2593"]
[BlackElo "2271"]
[Annotator "TA"]
[PlyCount "37"]
[EventDate "2019.05.29"]
[EventType "swiss"]
[EventCountry "RUS"]
[SourceTitle "playchess.com"]
[Source "ChessBase"]
[SourceQuality "1"]

{[%evp 9,37,26,35,12,20,27,26,21,72,82,90,81,184,162,391,376,372,390,481,445,604,366,358,364,593,583,1183,1128,29991,29992]} 1. d4 d5 2. c4 e6 3. Nc3 a6 4. cxd5 exd5 5. Qb3 c6 6. e4 {D31: Queen's Gambit Declined: Semi-Slav without ...Nf6 (+ Marshall Gambit and Noteboom) and Exchange Variation lines without ...Nf6} dxe4 7. Bc4 Qe7 8. a4 {White has an edge.} a5 $146 (8... Nh6 $11 {remains equal.}) ({Predecessor:} 8... Nf6 9. Nge2 g6 10. O-O Bg7 11. Ng3 O-O 12. Re1 b5 13. axb5 cxb5 14. Bxb5 Qb7 15. Ba4 Qxb3 16. Bxb3 Nc6 17. Rd1 Bg4 18. Nge2 {½-½ (18) Svidler,P (2751)-Erdos,V (2628) Tbilisi 2017}) 9. Nge2 $16 {[%mdl 1024] White has strong compensation.} Nf6 10. O-O Bf5 (10... Na6 $16 {might work better.}) 11. Re1 {And now Ng3 would win.} g6 $2 (11... Na6 12. Ng3 Be6) 12. Ng3 {[#] aiming for Bg5.} Bg7 13. Bg5 Qb4 14. Bxf7+ Kf8 15. Ncxe4 Qxb3 16. Bxb3 Nxe4 $2 (16... Bxe4 17. Nxe4 Nbd7) 17. Nxe4 $18 {[#] Intending Nd6 and mate.} h6 18. Nd6 {[%csl Gd6][%cal Re1e8]} Bxd4 19. Re8+ {Accuracy: White = 100%, Black = 25%.} 1-0

[Event "41st Nezhmetdinov Rapid 2019"]
[Site "Kazan"]
[Date "2019.05.29"]
[Round "3.1"]
[White "Kokarev, Dmitry"]
[Black "Kabanov, Nikolai"]
[Result "1-0"]
[WhiteElo "2605"]
[BlackElo "2455"]
[Annotator "TA"]
[PlyCount "59"]
[EventDate "2019.05.29"]
[EventType "swiss"]
[EventCountry "RUS"]
[SourceTitle "playchess.com"]
[Source "ChessBase"]
[SourceQuality "1"]

{[%evp 12,59,54,13,63,60,58,39,48,33,33,41,67,70,89,89,107,114,147,134,122,135,148,145,137,148,153,153,145,144,152,147,181,190,181,183,247,241,250,224,235,229,229,229,222,225,258,248,239,237]} 1. g3 e5 2. c4 d6 3. Bg2 f5 4. Nc3 Nf6 5. d3 g6 6. e4 Bg7 7. Nge2 O-O {A21: English Opening: 1...e5 2 Nc3} 8. exf5 gxf5 9. O-O c5 {White is slightly better.} 10. Rb1 $146 ({Predecessor:} 10. Bg5 h6 11. Bxf6 Qxf6 12. Nd5 Qd8 13. Rb1 Nc6 14. f4 Be6 15. a3 Rb8 16. b4 cxb4 17. axb4 {1-0 (34) Adams,M (2742)-Vaisser,A (2515) Douglas 2015}) 10... Nc6 11. a3 a5 12. Bg5 $36 {[%mdl 2048] White fights for an advantage.} Qe8 13. Nb5 {aiming for Nc7.} Qd8 14. Nec3 Nd4 15. b4 axb4 16. axb4 Nxb5 17. Nxb5 ({But not} 17. cxb5 $6 Kh8 $14) 17... cxb4 18. Qb3 Kh8 19. Qxb4 Ra6 20. Ra1 h6 21. Bh4 Qb6 22. Rxa6 bxa6 23. Qxd6 Qxd6 (23... Qd8 $142) 24. Nxd6 $18 e4 25. dxe4 Nxe4 26. Nxe4 fxe4 27. Bxe4 a5 28. Rd1 a4 29. Be7 Re8 30. Bg6 {Accuracy: White = 91%, Black = 52%.} 1-0